Statistiques concernant Les villes du monde envahies par les space invaders sur une carte

Cliquez ici pour prendre le quiz!

Statistiques générales

  • Ce quiz a été pris 314 fois
    (82 depuis la dernière actualisation)
  • Le résultat moyen est 40 sur 75

Réponses sur la Carte

Les réponses sont colorées sur une échelle allant du rouge au vert en fonction du pourcentage des utilisateurs qui les ont devinées à leur premier essai. Vous pouvez retrouver ces pourcentages ci-dessous.
 

Statistiques - réponses

Année Vague 1PaysVilles envahiesInvaders% Correct
1999Royaume-UniLondres150
97%
1996FranceParis1485
97%
1999Etats-UnisLos Angeles214
93%
1999JaponTokyo138
92%
2000Etats-UnisNew York219
91%
2010ItalieRome75
89%
2001FranceLyon48
88%
2010Etats-UnisMiami85
88%
2004FranceMarseille97
87%
2001FranceNantes3
87%
2012BelgiqueRégion de Bruxelles-Capitale42
87%
2011BrésilSão Paulo52
87%
2008FranceRennes4
84%
1999Pays BasAmsterdam26
80%
2002AllemagneBerlin12
79%
2002EspagneBarcelone17
75%
2016FranceToulouse11
75%
2006AutricheVienne56
75%
2005FranceBastia34
73%
1999FranceMontpellier42
73%
1999FranceLille6
72%
2004Royaume-UniManchester47
72%
2000SuisseBerne29
71%
2003TurquieIstanbul20
69%
2000SuisseGenève33
68%
2001ChineHong Kong132
67%
2023AllemagneMunich18
67%
2001Pays BasRotterdam26
65%
2013FrancePerpignan8
63%
2007EspagneBilbao40
61%
2001FranceClermont-Ferrand40
61%
1999FranceGrenoble57
61%
2019FranceDijon6
59%
2002ThaïlandeBangkok51
57%
1999BelgiqueAnvers2
56%
2004FranceNîmes5
56%
2000FrancePau10
56%
2017MarocRabat20
56%
2006SlovénieLjubljana42
55%
2002AustralieMelbourne25
55%
2017FranceVersailles42
55%
2008NépalKatmandou28
53%
2015AllemagneFrancfort-sur-le-Main14
52%
2006AllemagneCologne27
51%
2017EspagneMalaga29
51%
2010Etats-UnisSan Diego21
51%
1999FranceAix-en-Provence10
49%
2002AustraliePerth26
47%
2003BangladeshDacca6
44%
2000SuisseLausanne18
44%
2017MarocMarrakech4
43%
2000FranceAvignon41
41%
2013SuisseBâle25
41%
2008FranceMontauban11
36%
2014BelgiqueCharleroi1
33%
2016PortugalFaro4
33%
2006Royaume-UniNewcastle upon Tyne25
32%
2012MexiqueCancún3
23%
2015BelgiqueRedu6
23%
2014ItalieRavenne40
20%
2001SuèdeVisby3
19%
2004FranceLa Ciotat9
17%
2006KenyaMombasa10
17%
2021BoliviePotosí53
16%
2009Corée du sudDaejeon23
15%
2023FranceFontainebleau18
15%
2008IndeVaranasi14
13%
2010FranceContis2
12%
2017FranceForcalquier4
12%
2007IsraëlEilat2
11%
2017FranceValmorel3
11%
2013SuisseAnzère4
9%
2002SuèdeHalmstad2
9%
2015Pays BasNoordwijk10
9%
2012Bosnie-HerzégovineGrude3
8%

Distribution des résultats

Percentile par nombre de réponses

% des personnes avec chaque résultat

Votre développement - résultats

Vous n’avez pas pris ce quiz depuis la dernière actualisation